AH International Schools' Libraries

Normal view MARC view
  • Coming of age. Interpersonal relations. Beaches. Summer. Vacation homes. Friendship.

Entry Topical Term

Number of records used in: 1

001 - CONTROL NUMBER

  • control field: 86795

003 - CONTROL NUMBER IDENTIFIER

  • control field: OSt

005 - DATE AND TIME OF LATEST TRANSACTION

  • control field: 20251028091243.0

008 - FIXED-LENGTH DATA ELEMENTS

  • fixed length control field: 251028|| aca||aabn | a|a d

040 ## - CATALOGING SOURCE

  • Original cataloging agency: OSt
  • Transcribing agency: OSt

150 ## - HEADING--TOPICAL TERM

  • Topical term or geographic name as entry element: Coming of age. Interpersonal relations. Beaches. Summer. Vacation homes. Friendship.
  • Form subdivision: Fiction

670 ## - SOURCE DATA FOUND

  • Source citation: Work cat.: (OSt)49677: Han, Jenny 78663, The summer I turned pretty / , 2017.

For any Logos Library related questions please contact Miss Art at swongnarasuk@asianhope.org.

For any Asian Hope Library related questions please contact Miss Raza at graza@asianhope.org.

Powered by Koha